Quizzes
Events
Quiz Creation
Community
Videos
Private Events
Remove Ads
Sign In
Join for FREE
Feedback
Dark Mode
Quiz Categories
Sports
Geography
Music
Movies
Television
Just For Fun
Miscellaneous
History
Literature
Language
Science
Gaming
Entertainment
Religion
Holiday
For Kids
Quiz Lab
Recent
Popular Today
Quiz Kudos Today
Editor Picks
Curator Picks
Quizzes by...
Day
Popularity
Type
Ratings
Length
Year
Community
Subscriptions
Recent Discussions
Orange Saloon
Badges
Playlists
Quests
Create
Leaderboards
Showdown
Live 5
Trivia Bingo
Activity
Puzzle Library
Sporcle Events
Private Events
Virtual Trivia
Globe League
Become a Host
Pub Owners
SporcleCon
Opinionation
Our Games
Videos
Blog
Mobile Apps
Partnerships
Remove Ads and Go Orange
Feedback
Sports
Athletes
MLB
NBA
NHL
NFL
Soccer
Sports Teams
WWE
NCAA
Football
Premier League
Basketball
Baseball
Hockey
Golf
Tennis
Cricket
Rugby
Auto Racing
Olympics
World Cup
Sports
Athletes
MLB
NBA
NHL
NFL
Soccer
Sports Teams
WWE
NCAA
Football
Premier League
Basketball
Baseball
Hockey
Golf
Tennis
Cricket
Rugby
Auto Racing
Olympics
World Cup
Random Quiz
Search Sporcle
×
Quiz Lab
Quiz Lab
Sports
NHL
Select answers by clicking on text or image buttons
Select answers by clicking on text or image buttons
Clickable
Best Score? Go Orange.
Athletes Birth Country Stats
Can you pick the Athletes Birth Country ?
By
mbershad36
12m
100 Questions
36 Plays
36 Plays
36 Plays
Comments
Comments
Give Quiz Kudos
Give Quiz Kudos
-
- Ratings
hide this ad
Forced Order
Answers have to be entered in order
Answers have to be entered in order
Replay
Link that replays current quiz
Next Quiz
Link to next quiz in quiz playlist
You Got
0%
They Got
Avg Score
38%
Avg Friend Score
Upgrade to see
Score Distribution
Jump to the score distribution portion of the page
Score
0/100
Timer
12:00
0
Plays Today
% Correct
China
83.3%
Japan
80.6%
Brazil
77.8%
Argentina
75%
Spain
75%
Italy
72.2%
Russia
69.4%
Brazil
66.7%
Brazil
63.9%
Switzerland
63.9%
Germany
61.1%
Canada
61.1%
Spain
61.1%
China
61.1%
Russia
61.1%
Czech Republic
61.1%
Canada
61.1%
Italy
58.3%
Fiji
58.3%
Serbia
58.3%
Russia
55.6%
Turkey
55.6%
Australia
52.8%
Philippines
52.8%
United Kingdom (Northern Ireland)
52.8%
Finland
52.8%
Dominican Republic
52.8%
Cote d'Ivoire
50%
Sweden
50%
France
50%
South Korea
50%
Dominican Republic
50%
South Africa
47.2%
Turkey
47.2%
% Correct
Poland
44.4%
Lithuania
44.4%
Dominican Republic
41.7%
Sweden
41.7%
Iran
41.7%
Finland
41.7%
Serbia
41.7%
Nigeria
38.9%
Canada
38.9%
Democratic Republic of Congo
38.9%
Switzerland
38.9%
Canada
38.9%
Dominican Republic
38.9%
United Kingdom (England)
36.1%
Israel
36.1%
Canada
36.1%
Cote d'Ivoire
36.1%
South Africa
33.3%
Sudan
33.3%
France
33.3%
Mexico
33.3%
Panama
33.3%
Slovenia
33.3%
United Kingdom (Northern Ireland)
33.3%
Curacao
33.3%
Denmark
33.3%
Jamaica
30.6%
Dominican Republic
30.6%
Netherlands
30.6%
Tanzania
30.6%
Georgia
30.6%
Nigeria
30.6%
Haiti
27.8%
Sudan
27.8%
% Correct
Cuba
27.8%
Norway
27.8%
Ireland
27.8%
Cameroon
27.8%
Ghana
27.8%
United Kingdom (England)
25%
Venezuela
25%
Croatia
25%
Israel
25%
Dominican Republic
25%
France
25%
Republic of Congo
22.2%
Lebanon
22.2%
Sweden
22.2%
Germany
22.2%
Australia
22.2%
Cameroon
19.4%
Panama
19.4%
Guadaloupe (France)
19.4%
Martinique (France)
16.7%
Mexico
16.7%
Jamaica
16.7%
Slovakia
16.7%
Colombia
16.7%
Canada
16.7%
Cuba
13.9%
Venezuela
13.9%
United Kingdom (Wales)
13.9%
Trinidad and Tobago
8.3%
United Kingdom (Scotland)
8.3%
Panama
8.3%
United Kingdom (Scotland)
5.6%
Quiz Playlist
Details
Report
Send in Message
Add To Playlist
Clickable:
Select answers by clicking on text or image buttons
Forced Order:
Answers have to be entered in order
Quiz Source
Last Updated: Feb 16, 2017
Quiz Scoreboard
CHALLENGE
Sign Up to Join the Scoreboard
Show All
Scores
Hide
Comments
May contain spoilers
Recently Published
NBA Finals Game Top Scorers (2010s)
by flibbidy
Sports
5m
Guess the 'R' Things in 3 Words
by MSUKent
Miscellaneous
3m
Actor to Badly Drawn Movie III
by MoMosMoProblems
Movies
5m
More to Explore
Quiz From the Vault
Featured Blog Post
Where Does Lost Luggage Go?
hide this ad
You Might Also Like...
Tags
Athletes Quiz
Baseball Quiz
Basketball Quiz
Clickable Quiz
Country Quiz
MLB Quiz
NBA Quiz
NFL Quiz
NHL Quiz
FIFA
PGA
Today's Top Quizzes in Sports
Browse Sports
hide this ad
Today's Top Quizzes in NHL
Browse NHL
Top Contributed Quizzes in Sports
1
Les joueurs à 100 buts en Ligue 1 Uber Eats
2
2022 World Cup Stars
3
2024 March Madness Bracket
4
Millionaire: NBA Finals Edition
5
Players with Multiple 50 Home Run Seasons
6
Nickname Match: Athletes VI
7
Criteria MLB: Left Handed Sluggers
8
Iconic Moments in Football - Multiple Choice
9
NFL MVPs ordered
10
First NBA MVP by Team
Explore More
Trending Topics
Crossword
Anime
NBA
Kpop
Harry Potter
Disney
Marvel
NFL
Song
WWE
Pokémon
Puzzle
Country
The Office
Soccer
hide this ad
More By:
mbershad36
Quiz
Plays
Rating
Category
Featured
Created
VH1's 100 Greatest Artists (Hard Rock)
5,778
3.79
Music
Sep 30, 2009
100 Greatest Rap Artists
3,634
2.09
Music
Oct 4, 2009
Rappers In Movies
2,864
3.64
Movies
Feb 9, 2010
Rap Group Members
2,839
3.50
Music
May 17, 2012
100 Greatest Artists
2,048
3.43
Music
Sep 24, 2009
Go to Creator's Profile
Score Distribution
Quiz Creator Spotlight
mbershad36
Follow
Send a Message
Quizzes Created
-
Created Quiz Play Count
-
More By This Creator
Popular Quizzes Today
1
Find the US States - No Outlines Minefield
2
Find the US States
3
The Countries of the World
4
10 Largest US States in Order
5
Find the Countries of Europe - No Outlines Minefield
6
US States
7
Guess the 'R' Things in 3 Words
8
NBA Finals Game Top Scorers (2010s)
More Sports Quizzes
Opening Day Lineups: Brewers
Published
Trending Quizzes
First Name TV: Leading Men
Match the Book to the Film II
First Name TV: Leading Women Drama
3-Word Movies in 1 Word II
Match the Book to the Film VI
Recently Updated
Women's Final Four Teams by Year
bhenderson79
Presidents Quartet II
eogle
Anything But Clue(do)
eogle
Anything But Oceanian Capitals
eogle
Anything But 7
eogle
Anything But Thing
eogle
Word Ladder: February 29
pecheneg
Song Title Questions
pecheneg
Women's NCAA Tournament #1 Seeds
pecheneg
Celebrity Mug Shots
pecheneg
Trending Topics
Crossword
Anime
Marvel
Harry Potter
NBA
Kpop
Disney
The Office
Song
WWE
Country
Soccer
Puzzle
Pokémon
NFL
Your Account Isn't Verified!
In order to create a playlist on Sporcle, you need to verify the email address you used during registration. Go to your
Sporcle Settings
to finish the process.
Report this User
Report this user for behavior that violates our
Community Guidelines
.
Details:
Send Report
Go to the Sporcle.com Mobile Site →
Comments